Songs That Were #1 On The Billboard Hot 100 For The Longest - Statistics

General Stats
  • This quiz has been taken 235 times
    65 since last reset
  • The average score is 10 of 17
Answer Stats
Weeks Year(s) Song Artist % Correct
16 2017 "Despacito" Luis Fonsi and Daddy Yankee featuring Justin Bieber
93%
19 2019 "Old Town Road" Lil Nas X featuring Billy Ray Cyrus
89%
22 2019/20/21/22/23/24/25/26 "All I Want for Christmas Is You" Mariah Carey
88%
14 2015 "Uptown Funk" Mark Ronson featuring Bruno Mars
81%
15 2022 "As It Was" Harry Styles
77%
19 2024 "A Bar Song (Tipsy)" Shaboozey
75%
14 2009 "I Gotta Feeling" The Black Eyed Peas
65%
14 1992/93 "I Will Always Love You" Whitney Houston
65%
14 1996 "Macarena" (Bayside Boys Mix) Los del Río
58%
13 2025 "Luther" Kendrick Lamar and SZA
54%
14 1997/98 "Candle in the Wind 1997" /"Something About the Way You Look Tonight" Elton John
51%
16 2023 "Last Night" Morgan Wallen
49%
13 1998 "The Boy Is Mine" Brandy and Monica
39%
14 2005 "We Belong Together" Mariah Carey
28%
13 1992 "End of the Road" Boyz II Men
26%
16 1995/96 "One Sweet Day" Mariah Carey and Boyz II Men
25%
14 1994 "I'll Make Love to You" Boyz II Men
18%
No matching quizzes found
Score Distribution
Percent of People with Each Score
Percentile by Number Answered
Your Score History
You have not taken this quiz since the last reset